| 000 | 01090nam a2200301 4500 | ||
|---|---|---|---|
| 003 | EC-UNACH | ||
| 005 | 20260304145412.0 | ||
| 006 | s||||gr|||| 00| 00 | ||
| 008 | 150116t9999 mx r gr 000 0 spa d | ||
| 020 | _a9789803410032 | ||
| 040 |
_aEC-UNACH _cEC-UNACH |
||
| 041 | _aspa | ||
| 082 | 0 | 4 |
_223 _a001.42 _bL018608 |
| 110 | _aEuroamericana | ||
| 245 | _aMetodología enfoques metodológicos | ||
| 250 | _aS/N | ||
| 264 |
_aVenezuela _bEuroamericana _c2017 |
||
| 300 | _a299 paginas | ||
| 505 | _a-Ciencia método de investigación -Como elaborar el titulo de un trabajo -Como elaborar la introducción -Como formular un problema -Objetivos de la investigación - Estudios explicativos o descriptivos - Antecedentes de la investigación -Bases teóricas - Marco teórico - Construcción del marco teórico | ||
| 650 | _aMETODO | ||
| 650 | _aINVESTIGACIÓN | ||
| 650 | _aANTECEDENTES | ||
| 700 | _aDr Lombardo Pérez Salas | ||
| 942 |
_2ddc _c1 |
||
| 999 | _c14372 | ||